[Event "Alushta Rapid op"]
[Site "Alushta"]
[Date "2023.07.12"]
[Round "5"]
[White "Chelebiev, Eskender"]
[Black "Varezhkin, Viktor"]
[Result "1/2-1/2"]
[WhiteElo "1222"]
[BlackElo "2062"]
[PlyCount "55"]
[EventDate "2023.07.11"]
[EventType "swiss (rapid)"]
[EventRounds "11"]
[EventCountry "UKR"]
[SourceTitle "CBM 215 Extra"]
[Source "ChessBase"]
[SourceDate "2023.09.30"]
[SourceVersion "1"]
[SourceVersionDate "2023.09.30"]
[SourceQuality "1"]

1. e4 c5 2. Nf3 e6 3. c4 a6 4. Nc3 Qc7 5. d3 d6 6. Be2 Nd7 7. Be3 Ngf6 8. h3 b6 9. Nd2 e5 10. f4 exf4 11. Bxf4 Ne5 12. Nf3 Be7 13. 0-0 0-0 14. Nd5 Nxd5 15. exd5 Nxf3+ 16. Bxf3 Bf6 17. Qd2 Bd7 18. Rae1 Rae8 19. b3 b5 20. g4 b4 21. Qh2 Be5 22. Bxe5 dxe5 23. Be4 Qd6 24. Re2 Qh6 25. Qg3 g5 26. Bf5 Bxf5 27. Kg2 Qg7 28. Ref2 1/2-1/2

[Event "Alushta Rapid op"]
[Site "Alushta"]
[Date "2023.07.11"]
[Round "2"]
[White "Chelebiev, Eskender"]
[Black "Khruschiov, Alexey"]
[Result "0-1"]
[WhiteElo "1222"]
[BlackElo "2344"]
[PlyCount "92"]
[EventDate "2023.07.11"]
[EventType "swiss (rapid)"]
[EventRounds "11"]
[EventCountry "UKR"]
[SourceTitle "CBM 215 Extra"]
[Source "ChessBase"]
[SourceDate "2023.09.30"]
[SourceVersion "1"]
[SourceVersionDate "2023.09.30"]
[SourceQuality "1"]

1. e4 d6 2. Nf3 Nf6 3. d3 c5 4. Be2 Nc6 5. c4 g6 6. Nc3 Bg7 7. Be3 Ng4 8. 0-0 Nxe3 9. fxe3 0-0 10. d4 Bh6 11. Qd2 cxd4 12. Nxd4 Ne5 13. h3 a6 14. Nd5 Bd7 15. b3 Bg7 16. Rac1 e6 17. Nf4 Qe7 18. Rfd1 Rfd8 19. a4 Rac8 20. Qb4 Rc7 21. Nd3 Bc6 22. Nxe5 Bxe5 23. Nxc6 Rxc6 24. Bf3 Qg5 25. Qe1 Rdc8 26. Kf1 h5 27. g4 hxg4 28. Bxg4 Kf8 29. Qf2 Ke7 30. Ke2 Rb6 31. Rd3 Rbc6 32. Rg1 Qh6 33. Rf1 Qg7 34. Rd2 Rh8 35. Rfd1 Rc7 36. Qg2 Rh4 37. Qf2 Qh7 38. Rg1 f5 39. exf5 gxf5 40. Bf3 Rxh3 41. Rg2 Rh4 42. Rd1 b5 43. axb5 axb5 44. cxb5 Rb4 45. Bc6 Rxb3 46. Kf1 d5 0-1